Normal view
MARC view
Entry Personal Name
001 - CONTROL NUMBER
- control field: 77606
003 - CONTROL NUMBER IDENTIFIER
- control field: dpl
005 - DATE AND TIME OF LATEST TRANSACTION
- control field: 20250214160816.0
008 - FIXED-LENGTH DATA ELEMENTS
- fixed length control field: 250214|| aca||aabn | a|a d
040 ## - CATALOGING SOURCE
- Original cataloging agency: dpl
- Transcribing agency: dpl
100 ## - HEADING--PERSONAL NAME
- Personal name: Swami Adipurushananda
670 ## - SOURCE DATA FOUND
- Source citation: Work cat.: (dpl)209060: Swami Adipurushananda , Swami vivekananda in Delhi/, 2021
